000 00455nam a2200193Ia 4500
008 170918s9999 xx 000 0 und d
020 _a9780545223416
050 _bH576 2008
100 _aHimmelman, John
245 _aKatie loves the kittens /
245 _cJohn Himmelman.
260 _aNew York :
260 _bScholastic,
260 _c2008
300 _aunpaged :
300 _bcolored illustration ;
300 _c23cm.
500 _a330
999 _c341143
_d341143